<?xml version="1.0" encoding="UTF-8"?>
<record
    xmlns:xsi="http://www.w3.org/2001/XMLSchema-instance"
    xsi:schemaLocation="http://www.loc.gov/MARC21/slim http://www.loc.gov/standards/marcxml/schema/MARC21slim.xsd"
    xmlns="http://www.loc.gov/MARC21/slim">

  <leader>02107nam a22002537a 4500</leader>
  <controlfield tag="001">9565</controlfield>
  <controlfield tag="003">FISKH</controlfield>
  <controlfield tag="005">20260123142313.0</controlfield>
  <controlfield tag="008">260123b        cb ||||| |||| 00| 0 eng d</controlfield>
  <datafield tag="020" ind1=" " ind2=" ">
    <subfield code="a">9780349433103</subfield>
  </datafield>
  <datafield tag="040" ind1=" " ind2=" ">
    <subfield code="a">FISKH</subfield>
    <subfield code="b">eng</subfield>
    <subfield code="c">FISKH</subfield>
    <subfield code="d">FISKH</subfield>
  </datafield>
  <datafield tag="050" ind1=" " ind2=" ">
    <subfield code="a">PR9199.4 .F678 .E94</subfield>
  </datafield>
  <datafield tag="082" ind1=" " ind2=" ">
    <subfield code="a">813.6</subfield>
  </datafield>
  <datafield tag="100" ind1=" " ind2=" ">
    <subfield code="a">Fortune, Carley</subfield>
  </datafield>
  <datafield tag="245" ind1=" " ind2=" ">
    <subfield code="a">Every summer after :</subfield>
    <subfield code="b">'A radiant debut ' Emily Henry /</subfield>
    <subfield code="c">By Carley Fortune</subfield>
  </datafield>
  <datafield tag="250" ind1=" " ind2=" ">
    <subfield code="a">First published in the United States in 2002</subfield>
  </datafield>
  <datafield tag="260" ind1=" " ind2=" ">
    <subfield code="a">London : </subfield>
    <subfield code="b">Piatkus ,</subfield>
    <subfield code="c">2002 .</subfield>
  </datafield>
  <datafield tag="300" ind1=" " ind2=" ">
    <subfield code="a">307 pages : </subfield>
    <subfield code="b">illustrator ; </subfield>
    <subfield code="c">20 cm . </subfield>
  </datafield>
  <datafield tag="520" ind1=" " ind2=" ">
    <subfield code="a">They say you can never go home again, and for Persephone Fraser, ever since she made the biggest mistake of her life a decade ago, that has felt too true. Instead of glittering summers on the lakeshore of her childhood, she spends them in a stylish apartment in the city, going out with friends, and keeping everyone a safe distance from her heart.
Until she receives the call that sends her racing back to Barry&#x92;s Bay and into the orbit of Sam Florek&#x97;the man she never thought she&#x92;d have to live without.
For six summers, through hazy afternoons on the water and warm summer nights working in his family&#x92;s restaurant and curling up together with books&#x97;medical textbooks for him and work-in-progress horror short stories for her&#x97;Percy and Sam had been inseparable. Eventually that friendship turned into something breathtakingly more, before it fell spectacularly apart.
 
When Percy returns to the lake for Sam&#x92;s mother&#x92;s funeral, their connection is as undeniable as it had always been. But until Percy can confront the decisions she made and the years she&#x92;s spent punishing herself for them, they&#x92;ll never know whether their love might be bigger than the biggest mistakes of their past. 
Told over the course of six years and one weekend, Every Summer After is a big, sweeping nostalgic story of love and the people and choices that mark us forever.</subfield>
  </datafield>
  <datafield tag="650" ind1=" " ind2=" ">
    <subfield code="a">Friends-to-lovers</subfield>
    <subfield code="v">Fiction</subfield>
  </datafield>
  <datafield tag="700" ind1=" " ind2=" ">
    <subfield code="a">Tucker , Ashley</subfield>
    <subfield code="e">Book Designer </subfield>
  </datafield>
  <datafield tag="942" ind1=" " ind2=" ">
    <subfield code="2">ddc</subfield>
    <subfield code="c">BK</subfield>
    <subfield code="n">0</subfield>
  </datafield>
  <datafield tag="999" ind1=" " ind2=" ">
    <subfield code="c">9565</subfield>
    <subfield code="d">9565</subfield>
  </datafield>
  <datafield tag="952" ind1=" " ind2=" ">
    <subfield code="0">0</subfield>
    <subfield code="1">0</subfield>
    <subfield code="2">ddc</subfield>
    <subfield code="4">0</subfield>
    <subfield code="7">0</subfield>
    <subfield code="8">FIC</subfield>
    <subfield code="a">002</subfield>
    <subfield code="b">002</subfield>
    <subfield code="c">LSHTTP</subfield>
    <subfield code="d">2026-01-23</subfield>
    <subfield code="l">1</subfield>
    <subfield code="o">FOR 813.6  PR9199.4 .F678 .E94</subfield>
    <subfield code="p">2026-0082</subfield>
    <subfield code="q">2026-04-06</subfield>
    <subfield code="r">2026-03-23 14:30:58</subfield>
    <subfield code="s">2026-03-23</subfield>
    <subfield code="w">2026-01-23</subfield>
    <subfield code="y">BK</subfield>
  </datafield>
</record>
